| 000 | 00945nam a2200265 i 4500 | ||
|---|---|---|---|
| 001 | 12382 | ||
| 003 | ES-MaACL | ||
| 005 | 20250722125355.0 | ||
| 007 | t| | ||
| 008 | 921021s1989 sp ||||0| spa d | ||
| 016 | 7 | _zSIC92004046 | |
| 020 | _a84-87137-14-8 | ||
| 040 |
_aSIC _bspa _cSIC |
||
| 080 | _a860-14"19" | ||
| 100 | 0 |
_aPadorno, Eugenio, _d1943- _988198 |
|
| 245 | 1 | 0 |
_aTeoría de una experiencia _b: metamorfosis : [antología] / _cEugenio Padorno ; [edición de Jorge Rodríguez Padrón]. |
| 260 |
_a[Santa Cruz de Tenerife] : _bViceconsejería de Cultura y Deportes, _cD.L. 1989. |
||
| 300 |
_a168 p ; _c22 cm. |
||
| 490 | 1 |
_aBiblioteca básica canaria ; _v42 |
|
| 700 | 0 |
_aRodríguez Padrón, Jorge, _d1943- _998716 |
|
| 710 | 1 |
_aCanarias. _bViceconsejería de Cultura y Deportes. _92427 |
|
| 830 | 0 |
_aBiblioteca básica canaria ; _v42 _9177611 |
|
| 852 |
_aES-MaACL _jL-19783 _bR.122327 |
||
| 999 |
_c12382 _d12382 |
||